000 00604nam a2200217 4500
003 OSt
005 20260530113851.0
008 260421b1971 enka|||| |||| 00| 0 eng d
040 _aICI
_bspa
_cICI
050 _aGN51
_bC7 1971
100 1 _aCroney, John,
_eautor
_931257
245 1 0 _a Anthropometrics for designers.
264 1 _bBatsford,
_c1971
_aLondon :
300 _a176 páginas
_bilustraciones
_c22 cm.
336 _atexto
_2rdacontent
337 _asin medio
_2rdamedia
338 _avolumen
_2rdacarrier
650 _aAntropometría
_931258
650 _a Ergonomía
_931259
942 _2lcc
_cBK
999 _c11464
_d11464